000 00526nam a2200181 i 4500
001 99857
003 ES-MaACL
007 t|
008 050919s1974 sp ||||1| spa d
100 1 _aMartínez Marzoa, Felipe.
_978215
245 1 0 _aIniciación a la Filosofía /
_cFelipe Martínez Marzoa.
260 _aMadrid :
_bIstmo,
_c1974.
300 _a278 p. ;
_c18 cm.
490 1 _aFundamentos
830 0 0 _aFundamentos (Ediciones Istmo)
_9121682
852 _aES-MaACL
_jE-6413
_bR.90765
999 _c99857
_d99857